[Event "5. Nord-West-Cup"]
[Site "?"]
[Date "2003.??.??"]
[Round "1"]
[White "Jaracz, Pawel"]
[Black "Thimm, Torsten"]
[Result "1-0"]
[WhiteElo "2546"]
[BlackElo "1975"]
[PlyCount "49"]

1. e4 c5 2. Nf3 e6 3. d4 cxd4 4. Nxd4 Nc6 5. Nc3 Qc7 6. Be3 a6 7. Be2 b5 8.
Nxc6 dxc6 9. a4 b4 10. Nb1 Nf6 11. Nd2 Bb7 12. Bd3 Be7 13. O-O O-O 14. Qe2 c5
15. f3 Nd7 16. f4 Rfe8 17. Kh1 Bf8 18. a5 f6 19. c3 bxc3 20. bxc3 e5 21. f5
Reb8 22. Rf3 h6 23. Rg3 Kh8 24. Bc4 Bc6 25. Bxh6 1-0

[Event "5. Nord-West-Cup"]
[Site "?"]
[Date "2003.??.??"]
[Round "1"]
[White "Thom, Rüdiger"]
[Black "Levin, Felix"]
[Result "0-1"]
[WhiteElo "1969"]
[BlackElo "2523"]
[PlyCount "74"]

1. d4 Nf6 2. c4 e6 3. Nc3 Bb4 4. g3 c5 5. Nf3 cxd4 6. Nxd4 O-O 7. Bg2 d5 8.
cxd5 Nxd5 9. Bd2 Nxc3 10. bxc3 Be7 11. O-O e5 12. Nb3 Qc7 13. Qc2 Na6 14. Rab1
Be6 15. Qb2 Rad8 16. c4 b6 17. Bc3 f6 18. f4 Bd6 19. Bd5 Bxd5 20. cxd5 exf4 21.
gxf4 Bxf4 22. e4 Bxh2+ 23. Kh1 Be5 24. Nd4 Nc5 25. Qg2 Nxe4 26. Ne6 Ng3+ 27.
Kg1 Qxc3 28. Rf3 Qc4 29. Re1 Qxd5 30. Rxg3 Qxe6 31. Rxg7+ Kh8 32. Kh1 Qf5 33.
Qg4 Qxg4 34. Rxg4 Rd2 35. Rh4 Rfd8 36. Re3 Rg8 37. Rxh7+ Kxh7 0-1

[Event "5. Nord-West-Cup"]
[Site "?"]
[Date "2003.??.??"]
[Round "1"]
[White "Lanka, Zigurds"]
[Black "Groothoff, Franz"]
[Result "1-0"]
[WhiteElo "2509"]
[BlackElo "1967"]
[PlyCount "73"]

1. e4 e5 2. Nf3 d6 3. d4 Nf6 4. Nc3 Nbd7 5. Bc4 Be7 6. O-O O-O 7. Re1 c6 8. a4
b6 9. b3 a6 10. Bd3 Re8 11. Bb2 Qc7 12. Ne2 Bf8 13. Ng3 g6 14. c3 Bb7 15. b4
Bg7 16. Qb3 h6 17. Rad1 Rad8 18. Qa2 b5 19. a5 Nh7 20. c4 bxc4 21. Bxc4 Re7 22.
Rc1 Qb8 23. Qb3 Nhf8 24. h4 Ne6 25. h5 Rde8 26. hxg6 fxg6 27. dxe5 dxe5 28. Nf5
gxf5 29. exf5 c5 30. fxe6 Kh8 31. exd7 Rxd7 32. Ng5 Rd2 33. Nf7+ Kh7 34. Rcd1
Rxb2 35. Qxb2 e4 36. Rd7 Bc6 37. Ng5+ 1-0

[Event "5. Nord-West-Cup"]
[Site "?"]
[Date "2003.??.??"]
[Round "1"]
[White "Wichmann, Ralph"]
[Black "Fish, Gennadij"]
[Result "0-1"]
[WhiteElo "1928"]
[BlackElo "2500"]
[PlyCount "30"]

1. e4 c5 2. Nf3 e6 3. b3 d6 4. Bb2 Nf6 5. Bb5+ Bd7 6. Bxd7+ Nbxd7 7. Qe2 Be7 8.
O-O O-O 9. Nc3 a6 10. a4 b6 11. Rae1 Qc7 12. d3 Ne5 13. Nd2 Nc6 14. Nd5 exd5
15. exd5 Nxd5 0-1

[Event "5. Nord-West-Cup"]
[Site "?"]
[Date "2003.??.??"]
[Round "1"]
[White "Gutman, Lev"]
[Black "Bienhüls, Michael"]
[Result "1-0"]
[WhiteElo "2495"]
[BlackElo "1919"]
[PlyCount "59"]

1. Nf3 c5 2. g3 Nc6 3. d4 cxd4 4. Nxd4 Nf6 5. Bg2 g6 6. O-O Bg7 7. c4 O-O 8.
Nc3 Nxd4 9. Qxd4 d6 10. Qd3 Rb8 11. Be3 b6 12. Bd4 Bb7 13. e4 Nd7 14. Bxg7 Kxg7
15. b3 a6 16. Rae1 Nc5 17. Qe3 e5 18. f4 exf4 19. gxf4 f5 20. exf5 Bxg2 21.
Kxg2 Rxf5 22. Rd1 Qf8 23. b4 Nb7 24. Rde1 b5 25. Nd5 bxc4 26. Qd4+ Kh6 27. Ne7
Rh5 28. f5 Rg5+ 29. Kh1 Qf7 30. fxg6 1-0

[Event "5. Nord-West-Cup"]
[Site "?"]
[Date "2003.??.??"]
[Round "1"]
[White "Mader, Sascha"]
[Black "Karpatchev, Aleksandr"]
[Result "0-1"]
[WhiteElo "1907"]
[BlackElo "2463"]
[PlyCount "52"]

1. e4 c5 2. Nc3 g6 3. f4 Bg7 4. Nf3 e6 5. g3 d5 6. e5 Ne7 7. Bg2 O-O 8. O-O
Nbc6 9. d3 Rb8 10. a4 f6 11. exf6 Bxf6 12. Ne2 d4 13. Nd2 Bg7 14. Ne4 b6 15.
Bd2 Bb7 16. a5 Nxa5 17. Nxc5 Bxg2 18. Kxg2 bxc5 19. Rxa5 Qd5+ 20. Kg1 Nc6 21.
Ra6 Rxb2 22. Nc1 Rb6 23. Ra4 Rb1 24. Qe2 e5 25. Re1 exf4 26. Bxf4 g5 0-1

[Event "5. Nord-West-Cup"]
[Site "?"]
[Date "2003.??.??"]
[Round "1"]
[White "Meins, Gerlef"]
[Black "Becker, Markus"]
[Result "1-0"]
[WhiteElo "2436"]
[BlackElo "1889"]
[PlyCount "61"]

1. d4 Nf6 2. c4 c5 3. d5 b5 4. cxb5 a6 5. b6 Qxb6 6. Nc3 g6 7. e4 d6 8. Nf3 Bg7
9. Be2 O-O 10. Nd2 Ne8 11. Nc4 Qb4 12. O-O a5 13. a3 Qb7 14. a4 Nc7 15. Ra3 Nd7
16. Bg5 Re8 17. Nb5 Nxb5 18. axb5 Qxb5 19. Nxd6 Qxb2 20. Nxe8 Qxa3 21. Nxg7
Kxg7 22. Bxe7 Ba6 23. Bxa6 Rxa6 24. e5 Qa2 25. e6 fxe6 26. dxe6 Qxe6 27. Re1
Qf5 28. g4 Qf7 29. Qxd7 c4 30. g5 Ra8 31. Bf6+ 1-0

[Event "5. Nord-West-Cup"]
[Site "?"]
[Date "2003.??.??"]
[Round "1"]
[White "Boos, Hanspeter"]
[Black "Jugelt, Tobias"]
[Result "0-1"]
[WhiteElo "1866"]
[BlackElo "2431"]
[PlyCount "62"]

1. e4 Nf6 2. e5 Nd5 3. c4 Nb6 4. d4 d6 5. exd6 exd6 6. Nf3 Be7 7. Be3 O-O 8.
Bd3 Bg4 9. Qc2 g6 10. Nbd2 Nc6 11. a3 Bf6 12. h3 Bxf3 13. Nxf3 Re8 14. O-O-O d5
15. c5 Nc4 16. Bxc4 dxc4 17. Qxc4 b5 18. Qb3 Rb8 19. h4 Na5 20. Qc3 b4 21. axb4
Nc6 22. Rh3 Qd5 23. h5 Rxb4 24. Ne5 Rb3 25. Qc4 Rxe5 26. Qxd5 Rxd5 27. hxg6
hxg6 28. Kc2 Rb8 29. Ra1 Nxd4+ 30. Bxd4 Bxd4 31. Ra2 Rxc5+ 0-1

[Event "5. Nord-West-Cup"]
[Site "?"]
[Date "2003.??.??"]
[Round "1"]
[White "Baramidze, David"]
[Black "Hrkac, Daniel"]
[Result "1-0"]
[WhiteElo "2426"]
[BlackElo "1859"]
[PlyCount "69"]

1. e4 d5 2. exd5 Qxd5 3. Nc3 Qa5 4. d4 c6 5. Bc4 Bf5 6. Bd2 e6 7. g4 Bg6 8. Nf3
Nd7 9. Qe2 Ngf6 10. g5 Nh5 11. O-O-O Qf5 12. Kb1 Qxc2+ 13. Ka1 Bb4 14. Rc1 Qf5
15. d5 cxd5 16. Nxd5 Bxd2 17. Nc7+ Ke7 18. Qxd2 Rac8 19. Nd4 Qe5 20. Ncb5 Rc5
21. Rhe1 Qxg5 22. Qb4 a5 23. Qa3 Nf4 24. Nf3 Qf5 25. Re5 Nxe5 26. Nbd4 Qh5 27.
Qxc5+ Kf6 28. Qd6 Re8 29. Bb5 Re7 30. Rc5 Nfd3 31. Bxd3 Bxd3 32. Rxe5 Qh3 33.
Re3 Qf1+ 34. Re1 Qxf2 35. Qe5+ 1-0

[Event "5. Nord-West-Cup"]
[Site "?"]
[Date "2003.??.??"]
[Round "1"]
[White "Heirich, Andreas"]
[Black "Cioara, Andrei Nestor"]
[Result "0-1"]
[WhiteElo "1852"]
[BlackElo "2396"]
[PlyCount "114"]

1. d4 Nf6 2. c4 e6 3. Nc3 Bb4 4. Bg5 h6 5. Bxf6 Qxf6 6. e3 O-O 7. Bd3 Bxc3+ 8.
bxc3 d6 9. Qf3 Qe7 10. Rb1 e5 11. g4 Nc6 12. Ne2 Qh4 13. Rg1 Ne7 14. Qe4 Ng6
15. g5 hxg5 16. Qxh4 Nxh4 17. Rg3 f5 18. f4 gxf4 19. exf4 e4 20. Bc2 Nf3+ 21.
Kf2 Nxh2 22. Bb3 c5 23. Rh1 Ng4+ 24. Ke1 Be6 25. d5 Bd7 26. Ng1 Rf6 27. Nh3 Rh6
28. Rhg1 Kf7 29. Bd1 Re8 30. Nf2 Rh4 31. Nxg4 fxg4 32. Bxg4 Bxg4 33. Rxg4 Rxg4
34. Rxg4 g6 35. Ke2 Rh8 36. Rg3 Rh2+ 37. Ke3 Rxa2 38. Rh3 Ra4 39. Rh7+ Kf6 40.
Kxe4 Rxc4+ 41. Kd3 Rxf4 42. Rxb7 Ke5 43. c4 Rf3+ 44. Ke2 Ra3 45. Rg7 Kd4 46.
Rxg6 Ra2+ 47. Kd1 Ra6 48. Rg4+ Kd3 49. Kc1 Ra4 50. Rg6 Rxc4+ 51. Kb2 Rb4+ 52.
Ka3 Rb6 53. Rg7 Kd4 54. Rxa7 Kxd5 55. Rh7 c4 56. Rh5+ Kd4 57. Rh4+ Kc5 0-1

[Event "5. Nord-West-Cup"]
[Site "?"]
[Date "2003.??.??"]
[Round "1"]
[White "Hobuss, Udo"]
[Black "Sturm, Tobias"]
[Result "1-0"]
[WhiteElo "2394"]
[BlackElo "1848"]
[PlyCount "63"]

1. d4 Nf6 2. c4 g6 3. Nc3 Bg7 4. e4 d6 5. Be2 O-O 6. Nf3 e5 7. O-O Na6 8. Be3
Ng4 9. Bg5 f6 10. Bh4 Qe8 11. Re1 Kh8 12. Rb1 Bd7 13. b4 Rc8 14. c5 Nb8 15. d5
f5 16. Nd2 Nh6 17. f3 Bf6 18. Bf2 Qe7 19. Nc4 b6 20. c6 Be8 21. Nb5 a6 22. Na7
Rd8 23. Nxb6 cxb6 24. Bxb6 Rd7 25. cxd7 Qxd7 26. Be3 f4 27. Bf2 Qb7 28. Qc2 Bd7
29. b5 axb5 30. Bxb5 Bxb5 31. Rxb5 Qd7 32. Rc1 1-0

[Event "5. Nord-West-Cup"]
[Site "?"]
[Date "2003.??.??"]
[Round "1"]
[White "Brandt, Wilhelm"]
[Black "Vasiljevic, Dragan"]
[Result "1/2-1/2"]
[WhiteElo "1848"]
[BlackElo "2361"]
[PlyCount "115"]

1. d4 Nf6 2. c4 c5 3. d5 g6 4. Nc3 Bg7 5. e4 d6 6. Be2 O-O 7. Be3 e6 8. dxe6
Bxe6 9. Qd2 Nc6 10. Nf3 Qb6 11. Rd1 Rad8 12. Bg5 Rd7 13. O-O Qb4 14. b3 a6 15.
Qc2 Qa5 16. a4 Bg4 17. Qd3 Bxf3 18. gxf3 Nd4 19. Bxf6 Bxf6 20. Nd5 Bg7 21. Rb1
Qd8 22. f4 Qh4 23. Bd1 Re8 24. Re1 f5 25. Qg3 Qxg3+ 26. hxg3 fxe4 27. b4 cxb4
28. Rxb4 a5 29. Rb6 Kf8 30. Bg4 Nf5 31. Rd1 Rc8 32. Bxf5 gxf5 33. Ne3 Rc6 34.
Rxc6 bxc6 35. Nxf5 d5 36. Nxg7 Kxg7 37. cxd5 cxd5 38. Rd4 Kf6 39. Kf1 Ke6 40.
Ke2 Rb7 41. Rd2 Rb4 42. f5+ Ke5 43. f6 Rb6 44. f7 Rf6 45. Rb2 Rxf7 46. Rb5 Ra7
47. Ke3 h5 48. Rc5 Rb7 49. Rxa5 Rb3+ 50. Ke2 Kd4 51. Ra8 Rb2+ 52. Kf1 Ra2 53.
a5 Kd3 54. a6 d4 55. a7 Ra1+ 56. Kg2 Ra2 57. Kf1 Ra1+ 58. Kg2 1/2-1/2

[Event "5. Nord-West-Cup"]
[Site "?"]
[Date "2003.??.??"]
[Round "1"]
[White "Schmidt, Harald"]
[Black "Petzold, Golo"]
[Result "1-0"]
[WhiteElo "2339"]
[BlackElo "1824"]
[PlyCount "67"]

1. c4 e6 2. Nf3 Nf6 3. Nc3 d5 4. e3 c6 5. Be2 Bd6 6. O-O O-O 7. d3 b6 8. e4
Nbd7 9. Bg5 Bb7 10. cxd5 cxd5 11. exd5 exd5 12. d4 h6 13. Bh4 g5 14. Bg3 Bxg3
15. hxg3 Ne4 16. Rc1 Rc8 17. Bd3 a6 18. Re1 Re8 19. Qb3 Ndf6 20. Ne5 Re7 21.
Nxe4 Nxe4 22. Rxc8 Qxc8 23. Qxb6 Re6 24. Qb4 Rf6 25. f3 Nxg3 26. Qe7 Rf4 27.
Ng6 fxg6 28. Bxg6 Ne4 29. Qh7+ Kf8 30. Qxh6+ Kg8 31. Bh7+ Kf7 32. Qg6+ Kf8 33.
Qg8+ Ke7 34. Qxg5+ 1-0

[Event "5. Nord-West-Cup"]
[Site "?"]
[Date "2003.??.??"]
[Round "1"]
[White "Leppert, Hans-Jürgen"]
[Black "Pajeken, Wolfgang"]
[Result "0-1"]
[WhiteElo "1822"]
[BlackElo "2326"]
[PlyCount "62"]

1. d4 Nf6 2. Bg5 Ne4 3. Bf4 c5 4. d5 e6 5. dxe6 fxe6 6. Nd2 Qf6 7. Nxe4 Qxf4 8.
Qd3 d5 9. Ng3 Qb4+ 10. Qc3 Qxc3+ 11. bxc3 Be7 12. e3 Bf6 13. Kd2 O-O 14. Nf3
Nd7 15. Rb1 c4 16. Be2 Nc5 17. Nd4 e5 18. Nb5 Bd8 19. Rhf1 Be6 20. Rbd1 a6 21.
Na3 b5 22. Nb1 Ba5 23. h3 Rad8 24. Bg4 Bxg4 25. hxg4 d4 26. exd4 exd4 27. f3
dxc3+ 28. Kc1 Bc7 29. Ne2 b4 30. Rd4 Rxd4 31. Nxd4 Bf4+ 0-1

[Event "5. Nord-West-Cup"]
[Site "?"]
[Date "2003.??.??"]
[Round "1"]
[White "Sawatzki, Frank"]
[Black "Rachut, Steffen"]
[Result "1-0"]
[WhiteElo "2320"]
[BlackElo "1813"]
[PlyCount "67"]

1. e4 c5 2. Nf3 d6 3. d4 cxd4 4. Nxd4 Nf6 5. Nc3 a6 6. Be2 e5 7. Nb3 Be7 8. Be3
Be6 9. O-O b5 10. f4 Nbd7 11. f5 Bc4 12. Bxc4 bxc4 13. Nd2 Qc7 14. Qe2 Rc8 15.
g4 h6 16. h4 d5 17. exd5 Nb6 18. Bxb6 Qxb6+ 19. Kg2 Qxb2 20. Nde4 Qa3 21. Rad1
Nxe4 22. Nxe4 Bd6 23. f6 g6 24. Rf3 Qb4 25. Rb1 Qxb1 26. Nxd6+ Kd7 27. Nxf7
Rhe8 28. Nxh6 e4 29. Rf1 Qb8 30. g5 Qe5 31. Ng4 Qd4 32. f7 Rh8 33. Rd1 Qg7 34.
Qxe4 1-0

[Event "5. Nord-West-Cup"]
[Site "?"]
[Date "2003.??.??"]
[Round "1"]
[White "Penndorf, Dietrich"]
[Black "Schirm, Friedmar"]
[Result "0-1"]
[WhiteElo "1807"]
[BlackElo "2305"]
[PlyCount "82"]

1. e4 c5 2. Nf3 Nc6 3. d4 cxd4 4. Nxd4 g6 5. Be3 Nf6 6. Nxc6 bxc6 7. Nc3 Qa5 8.
Bd3 Rb8 9. Bd2 Qc7 10. O-O Rxb2 11. e5 Nd5 12. Nxd5 cxd5 13. Qe1 Bg7 14. f4 O-O
15. Kh1 d6 16. Bc3 Rb8 17. Bd4 dxe5 18. Bxe5 Bxe5 19. fxe5 Rb6 20. Qg3 Ba6 21.
Bxa6 Rxa6 22. Qd3 Re6 23. Qxd5 Rxe5 24. Qb3 Rc5 25. Rf2 Rc3 26. Qb4 Qc5 27. Qh4
Rc4 28. Qg3 Rxc2 29. Rxc2 Qxc2 30. Qe3 Rb8 31. Re1 Rb2 32. Rg1 Rxa2 33. Qxe7 h5
34. Qe8+ Kg7 35. Qe5+ Kh7 36. Qf6 Qf2 37. Qe7 a5 38. h3 a4 39. Qe4 a3 40. Rd1
Re2 41. Qa8 a2 0-1

[Event "5. Nord-West-Cup"]
[Site "?"]
[Date "2003.??.??"]
[Round "1"]
[White "Thinius, Marco"]
[Black "Boss, Igor"]
[Result "1-0"]
[WhiteElo "2304"]
[BlackElo "1806"]
[PlyCount "103"]

1. e4 c5 2. Nf3 e6 3. d4 cxd4 4. Nxd4 a6 5. Nc3 Qc7 6. Be2 Nf6 7. O-O b5 8. Bf3
e5 9. Nf5 b4 10. Nd5 Nxd5 11. Qxd5 Bb7 12. Qd3 g6 13. Ne3 Bg7 14. a3 O-O 15.
axb4 Nc6 16. Nd5 Qd6 17. c3 Ne7 18. Nxe7+ Qxe7 19. Be3 d6 20. Rfd1 Rad8 21. Bb6
Rd7 22. Bg4 f5 23. exf5 Qg5 24. Bf3 d5 25. fxg6 hxg6 26. Qe2 Re8 27. Ra5 e4 28.
Bg4 Rf7 29. Be3 Qe7 30. h3 Be5 31. Rxa6 Bxa6 32. Qxa6 Bf4 33. Bxf4 Rf6 34. Qb5
Rxf4 35. Qxd5+ Kg7 36. Qd4+ Rf6 37. Qe3 Qe5 38. Rd7+ Rf7 39. Rd1 Ref8 40. Rd2
Kh7 41. Re2 Re7 42. f3 Rfe8 43. fxe4 Qxe4 44. Qxe4 Rxe4 45. Rxe4 Rxe4 46. Kf2
Kg7 47. b5 Re7 48. c4 Kf6 49. b6 Ke5 50. Ke3 Kd6+ 51. Kd4 Kc6 52. c5 1-0

[Event "5. Nord-West-Cup"]
[Site "?"]
[Date "2003.??.??"]
[Round "1"]
[White "Kerski, Björn-Ole"]
[Black "Jaracz, Barbara"]
[Result "0-1"]
[WhiteElo "1805"]
[BlackElo "2292"]
[PlyCount "110"]

1. d4 Nf6 2. Nf3 g6 3. Bg5 Bg7 4. Nbd2 d5 5. c3 O-O 6. Qc2 Bf5 7. Qb3 b6 8. e3
c5 9. c4 Nc6 10. cxd5 Na5 11. Qa4 Nxd5 12. Be2 Nb4 13. O-O Rc8 14. Rac1 Nac6
15. a3 Nd3 16. Bxd3 Bxd3 17. Rfd1 Qd7 18. Rc3 Bf5 19. Nf1 Rfd8 20. Rcc1 Nxd4
21. Qxd7 Nxf3+ 22. gxf3 Rxd7 23. Rxd7 Bxd7 24. Bxe7 Bxb2 25. Rd1 Bc6 26. Nd2
Rc7 27. Bd6 Rd7 28. Nc4 Bxf3 29. Rb1 Bxa3 30. Bb8 Bb4 31. Ne5 Rd1+ 32. Rxd1
Bxd1 33. Bxa7 b5 34. Nd3 Be2 35. Nxb4 cxb4 36. f4 f5 37. Kf2 Bc4 38. Bd4 Kf7
39. Kf3 Bd3 40. Kf2 Ke6 41. Ke1 Kd5 42. Kd2 Bc4 43. Bf6 Ke4 44. Bd4 b3 45. Bf6
Kf3 46. h4 h5 47. Bd4 b4 48. Kc1 g5 49. fxg5 Kg4 50. g6 Kxh4 51. Kd2 Kg4 52.
Ke1 Kf3 53. Kd2 h4 54. Be5 h3 55. g7 Kg2 0-1

[Event "5. Nord-West-Cup"]
[Site "?"]
[Date "2003.??.??"]
[Round "1"]
[White "Ljubarskij, Jurij"]
[Black "Hammer, Klaus"]
[Result "1-0"]
[WhiteElo "2292"]
[BlackElo "2292"]
[PlyCount "131"]

1. e4 c5 2. Nc3 e6 3. f4 a6 4. Nf3 d5 5. d3 Nf6 6. e5 Nfd7 7. g3 b5 8. Bg2 Nc6
9. O-O Be7 10. Re1 g6 11. Bd2 Qb6 12. Kh1 Bd8 13. Qe2 b4 14. Nd1 Bb7 15. a3 a5
16. axb4 axb4 17. Rxa8 Bxa8 18. b3 Bb7 19. Nb2 Qb5 20. Be3 Nb6 21. h4 Ne7 22.
Ra1 h5 23. Kh2 Nf5 24. Bf2 Be7 25. Ng5 Kf8 26. Bh3 Kg7 27. Ra7 Nc8 28. Ra1 Nb6
29. Qf3 Qd7 30. Bg2 Ra8 31. Qd1 Rxa1 32. Qxa1 Qc7 33. Qa5 Na8 34. Qa7 Qb6 35.
Qa1 Bc6 36. Bf3 Nc7 37. Qd1 Bxg5 38. hxg5 Qb8 39. Bxc5 Nb5 40. Bxb4 Nbd4 41. c3
Ne3 42. Qh1 Nxb3 43. Qg1 Nc2 44. Bd6 Nd2 45. Bxb8 Nxf3+ 46. Kg2 Nxg1 47. Kxg1
Kf8 48. Kf2 Ke8 49. Ke2 Kd7 50. Kd2 Na3 51. c4 dxc4 52. dxc4 Be4 53. Ba7 Kc6
54. Bf2 Nb1+ 55. Ke3 Bg2 56. Kd4 Nd2 57. Nd3 Ne4 58. Be1 Kb6 59. Nb4 Nc5 60.
Nc2 Nb3+ 61. Kc3 Na5 62. Bf2+ Kc7 63. Nd4 Bf1 64. Nb5+ Kc6 65. Nd6 Nb7 66. Nxf7
1-0

[Event "5. Nord-West-Cup"]
[Site "?"]
[Date "2003.??.??"]
[Round "1"]
[White "Szyszka, Arkadi"]
[Black "Asendorf, Joachim"]
[Result "0-1"]
[WhiteElo "1772"]
[BlackElo "2280"]
[PlyCount "68"]

1. d4 d5 2. c4 e6 3. Nc3 c5 4. e3 Nf6 5. Nf3 a6 6. cxd5 exd5 7. Bd3 c4 8. Bc2
Bg4 9. O-O Be7 10. h3 Bh5 11. a4 Nc6 12. Qd2 Bxf3 13. gxf3 Qd7 14. Kg2 g5 15.
Ne2 Bb4 16. Qd1 h5 17. Ng3 Ne7 18. a5 O-O-O 19. Ra4 Bd6 20. e4 h4 21. e5 hxg3
22. Rh1 Nh5 23. fxg3 Bc7 24. Bxg5 Rdg8 25. f4 Nf5 26. Bxf5 Qxf5 27. Qg4 Ng7 28.
Rc1 Kb8 29. Qxf5 Nxf5 30. g4 Nxd4 31. Bf6 Rh6 32. Rd1 Ne6 33. Kg3 Nxf4 34. g5
Nd3 0-1

[Event "5. Nord-West-Cup"]
[Site "?"]
[Date "2003.??.??"]
[Round "1"]
[White "Topolewski, Dirk"]
[Black "Campe, Uwe"]
[Result "0-1"]
[WhiteElo "2278"]
[BlackElo "1765"]
[PlyCount "68"]

1. d4 d5 2. e3 e6 3. Nf3 c5 4. b3 Nc6 5. Bd3 Nf6 6. O-O cxd4 7. exd4 Be7 8.
Nbd2 O-O 9. Bb2 b6 10. Ne5 Bb7 11. Re1 Rc8 12. a3 Nxe5 13. dxe5 Ne4 14. Nf3 Bc5
15. Re2 Be7 16. Qe1 Nc5 17. Nd4 Nxd3 18. cxd3 Ba6 19. Qd2 Bc5 20. Rd1 Bxd4 21.
Bxd4 Qh4 22. f4 Rc6 23. Bf2 Qe7 24. Qe1 Rfc8 25. b4 Rc3 26. Bh4 Qf8 27. Re3
Rxa3 28. Rg3 Ra2 29. Bf6 g6 30. f5 Rcc2 31. fxe6 fxe6 32. Qe3 Re2 33. Qg5 Qxb4
34. Qh6 Re1+ 0-1

[Event "5. Nord-West-Cup"]
[Site "?"]
[Date "2003.??.??"]
[Round "1"]
[White "Drezewski, Alexander"]
[Black "Lundin, Jan"]
[Result "0-1"]
[WhiteElo "1755"]
[BlackElo "2220"]
[PlyCount "52"]

1. d4 Nf6 2. c4 c5 3. Nf3 cxd4 4. Nxd4 g6 5. Nc3 Bg7 6. e3 O-O 7. Be2 d5 8. O-O
dxc4 9. Bxc4 a6 10. Be2 e5 11. Nf3 Qe7 12. e4 Rd8 13. Qc2 Nc6 14. Bg5 Be6 15.
Rfe1 Rac8 16. Rad1 Nd4 17. Qb1 Qc5 18. h3 h6 19. Be3 Nh5 20. Qc1 Kh7 21. g4 Nf4
22. Bxf4 exf4 23. Qxf4 Nxe2+ 24. Nxe2 Bxb2 25. Nc1 Qc2 26. Rd2 Rxd2 0-1

[Event "5. Nord-West-Cup"]
[Site "?"]
[Date "2003.??.??"]
[Round "1"]
[White "Krabbe-Rachut, Helmut"]
[Black "Hilmer, Frank"]
[Result "1/2-1/2"]
[WhiteElo "1705"]
[BlackElo "2223"]
[PlyCount "53"]

1. e4 e6 2. d4 d5 3. e5 c5 4. c3 Nc6 5. Nf3 Bd7 6. Bd3 Rc8 7. dxc5 Bxc5 8. O-O
Nge7 9. b4 Bb6 10. Bg5 Qc7 11. Re1 Ng6 12. Bxg6 hxg6 13. a4 a6 14. Na3 Qb8 15.
Rc1 Bc7 16. Bf4 g5 17. Bg3 g4 18. Nd4 Nxe5 19. Qe2 Ng6 20. Qxg4 O-O 21. Nb3
Bxg3 22. hxg3 Qd6 23. Nc5 Rc7 24. a5 e5 25. Qd1 Ne7 26. Nc4 Qf6 27. Nxe5
1/2-1/2

[Event "5. Nord-West-Cup"]
[Site "?"]
[Date "2003.??.??"]
[Round "1"]
[White "Heinemann, Ernst"]
[Black "Lukossek, Thomas"]
[Result "1-0"]
[WhiteElo "2263"]
[BlackElo "1750"]
[PlyCount "45"]

1. e4 e5 2. f4 Bc5 3. Nf3 d6 4. Bc4 Nf6 5. Nc3 Ng4 6. Rf1 Nxh2 7. Rh1 Ng4 8.
Qe2 Bf2+ 9. Kf1 exf4 10. d3 Be3 11. Nd5 Bxc1 12. Rxc1 g5 13. e5 Kf8 14. exd6
cxd6 15. Nd4 Nc6 16. Qe4 Nxd4 17. Qxd4 Ne5 18. Re1 f6 19. Rh6 Kg7 20. Rxf6 Re8
21. Nc7 Kxf6 22. Nxe8+ Kg6 23. Rxe5 1-0

[Event "5. Nord-West-Cup"]
[Site "?"]
[Date "2003.??.??"]
[Round "1"]
[White "Teixeira, Jose"]
[Black "Meyer, Malte"]
[Result "0-1"]
[WhiteElo "1750"]
[BlackElo "2244"]
[PlyCount "60"]

1. e4 e6 2. d4 d5 3. e5 c5 4. c3 Nc6 5. Nf3 Qb6 6. Be2 Nh6 7. Bxh6 Qxb2 8. Be3
Qxa1 9. Qc2 cxd4 10. Nxd4 Nxd4 11. Bxd4 Ba3 12. O-O Qb2 13. Nxa3 Qxa3 14. c4
O-O 15. cxd5 Bd7 16. dxe6 Bxe6 17. Bc5 Rfc8 18. Qxh7+ Kxh7 19. Bxa3 Bxa2 20.
Bf3 Bc4 21. Bxb7 Bxf1 22. Bxa8 Rxa8 23. Kxf1 Rc8 24. Bb4 Rc4 25. Bd2 Rc5 26.
Be3 Ra5 27. Bd4 Ra4 28. Be3 a5 29. Ke2 Re4 30. f4 a4 0-1

[Event "5. Nord-West-Cup"]
[Site "?"]
[Date "2003.??.??"]
[Round "1"]
[White "Schütte, Marc"]
[Black "Campe, Herbert"]
[Result "1-0"]
[WhiteElo "2232"]
[BlackElo "1746"]
[PlyCount "43"]

1. e4 c5 2. Nf3 d6 3. c3 g6 4. d4 cxd4 5. cxd4 Bg7 6. Nc3 Nf6 7. Be2 O-O 8. O-O
Bg4 9. Qb3 Nc6 10. Rd1 Na5 11. Qb4 Rc8 12. e5 Ne8 13. Bg5 b6 14. Nb5 Nc6 15.
Qa3 f6 16. exf6 Nxf6 17. h3 Bd7 18. Nxa7 Nxa7 19. Qxa7 Rc2 20. Bd3 Rxb2 21. Qa3
Rb5 22. Bxb5 1-0

[Event "5. Nord-West-Cup"]
[Site "?"]
[Date "2003.??.??"]
[Round "1"]
[White "Aßmus, Sven"]
[Black "Gellrich, Peter"]
[Result "1-0"]
[WhiteElo "1719"]
[BlackElo "2230"]
[PlyCount "103"]

1. c4 e6 2. Nc3 d5 3. cxd5 exd5 4. Nf3 Nf6 5. g3 c5 6. d4 Nc6 7. Bg5 cxd4 8.
Bxf6 Qxf6 9. Nxd5 Qd8 10. Nf4 Bb4+ 11. Nd2 O-O 12. Bg2 Bd6 13. Nd3 Re8 14. O-O
Bg4 15. Re1 Qe7 16. Ne4 Bc7 17. a3 Bb6 18. Rc1 Rac8 19. Qd2 h6 20. Qf4 Ne5 21.
Rxc8 Bxc8 22. Rc1 Bd7 23. Nb4 Ng6 24. Qd2 f5 25. Nd5 Qf8 26. Nxb6 axb6 27. Qxd4
Bc6 28. Nc3 f4 29. Bxc6 bxc6 30. Qc4+ Kh8 31. Qxc6 Ne5 32. Qxb6 f3 33. Qb4 Qf7
34. Qf4 Qb7 35. Qa4 Rf8 36. Qh4 Qf7 37. Qe4 Qh5 38. h4 fxe2 39. Qxe2 Nf3+ 40.
Kf1 Qg4 41. Qe3 Qh3+ 42. Ke2 Qg4 43. Qe4 Qc8 44. Kd1 Rd8+ 45. Kc2 Rd2+ 46. Kb1
Rxf2 47. Ka2 Nd2 48. Qd5 Nf3 49. Ne2 Qf8 50. Qe6 Kh7 51. Rc8 Rxe2 52. Rxf8 1-0

[Event "5. Nord-West-Cup"]
[Site "?"]
[Date "2003.??.??"]
[Round "1"]
[White "Tchetchelnitski, Boris"]
[Black "Kohlmann, Christian"]
[Result "0-1"]
[WhiteElo "2230"]
[BlackElo "1719"]
[PlyCount "71"]

1. Nf3 d5 2. d4 e6 3. c3 Nf6 4. Bg5 Nbd7 5. e3 c5 6. Nbd2 c4 7. Qc2 Bd6 8. e4
Be7 9. e5 Ng8 10. h4 b5 11. a4 Qa5 12. b3 Nb6 13. Ra2 Bb7 14. axb5 Qxb5 15. Be2
f6 16. Be3 fxe5 17. dxe5 Bc5 18. O-O Bxe3 19. fxe3 Qc5 20. Nd4 Ne7 21. Bg4 Bc8
22. b4 Qc7 23. N2f3 Ng6 24. Nb5 Qb8 25. Bh5 O-O 26. Bxg6 hxg6 27. Nbd4 Bd7 28.
Qxg6 Qe8 29. Qxe8 Rfxe8 30. Rfa1 Na4 31. Rxa4 Bxa4 32. Rxa4 a5 33. b5 Reb8 34.
Ng5 Rb6 35. Ngxe6 Kf7 36. Nc7 0-1

[Event "5. Nord-West-Cup"]
[Site "?"]
[Date "2003.??.??"]
[Round "1"]
[White "Schneider, Ilja"]
[Black "Merettig, Georg"]
[Result "1-0"]
[WhiteElo "2217"]
[BlackElo "1688"]
[PlyCount "48"]

1. e4 c5 2. c3 g6 3. Nf3 Bg7 4. d4 b6 5. Be3 Bb7 6. dxc5 bxc5 7. Bxc5 Qc7 8.
Bd4 e5 9. Be3 Bxe4 10. Nbd2 Bc6 11. Be2 Ne7 12. Nc4 d5 13. Ncxe5 Nf5 14. Bf4
Qb6 15. Qb3 Qd8 16. O-O O-O 17. Rfd1 Ne7 18. c4 dxc4 19. Bxc4 Qe8 20. Nxf7 Ba4
21. Qe3 Rxf7 22. Ng5 Nf5 23. Qxe8+ Bxe8 24. Rd8 Bxb2 1-0

[Event "5. Nord-West-Cup"]
[Site "?"]
[Date "2003.??.??"]
[Round "1"]
[White "Weller, Friedhelm"]
[Black "Leiber, Bernhard"]
[Result "0-1"]
[WhiteElo "1672"]
[BlackElo "2208"]
[PlyCount "74"]

1. e4 c5 2. Nc3 Nc6 3. Nge2 e6 4. Ng3 Nf6 5. d3 d5 6. Bg5 Be7 7. Be2 O-O 8. O-O
b5 9. f4 b4 10. Nb1 h6 11. Bh4 dxe4 12. dxe4 Qd4+ 13. Qxd4 Nxd4 14. Bd1 g5 15.
fxg5 Nh7 16. c3 hxg5 17. cxd4 gxh4 18. Nh5 cxd4 19. e5 Ba6 20. Rf4 Rac8 21. Nd2
Bg5 22. Rg4 Kh8 23. Nf4 Rg8 24. Nf3 Be7 25. Rxg8+ Kxg8 26. Be2 Bxe2 27. Nxe2 d3
28. Nc1 d2 29. Nxd2 Rc2 30. Ndb3 Rxb2 31. Nd3 Rc2 32. Nd4 Rd2 33. Nc6 Rxd3 34.
Nxe7+ Kg7 35. Rb1 a5 36. Rb2 Rc3 37. Rf2 Rc7 0-1

[Event "5. Nord-West-Cup"]
[Site "?"]
[Date "2003.??.??"]
[Round "1"]
[White "Mühlenhaus, Sven"]
[Black "Carstens, Manfred"]
[Result "1-0"]
[WhiteElo "2193"]
[BlackElo "1669"]
[PlyCount "35"]

1. d4 d5 2. c4 Nf6 3. cxd5 Qxd5 4. Nc3 Qd8 5. Nf3 e6 6. Bg5 Be7 7. e4 Nbd7 8.
Rc1 a6 9. Bd3 h6 10. Bf4 c6 11. O-O Nh5 12. Be3 g5 13. d5 e5 14. dxc6 Nf4 15.
cxd7+ Bxd7 16. Bc4 f6 17. Bxf4 gxf4 18. Nxe5 1-0

[Event "5. Nord-West-Cup"]
[Site "?"]
[Date "2003.??.??"]
[Round "1"]
[White "Lammers, Philipp"]
[Black "Krause, Thomas"]
[Result "0-1"]
[WhiteElo "1657"]
[BlackElo "2186"]
[PlyCount "72"]

1. d4 d5 2. c4 c6 3. Nf3 e6 4. e3 Nd7 5. Nc3 Ngf6 6. Bd3 Bd6 7. O-O O-O 8. Qe2
dxc4 9. Bxc4 e5 10. dxe5 Nxe5 11. Nxe5 Bxe5 12. f3 Re8 13. e4 Qc7 14. g4 b5 15.
Bb3 a5 16. a4 b4 17. Nb1 Ba6 18. Bc4 Bxc4 19. Qxc4 Bxh2+ 20. Kh1 Qg3 21. Qe2
Qh3 22. Qg2 Qxg2+ 23. Kxg2 Be5 24. Nd2 Nd7 25. Nc4 Bc7 26. Be3 Ne5 27. Rac1
Red8 28. Nxe5 Bxe5 29. Bb6 Rdb8 30. Rxc6 Bxb2 31. Rd1 Be5 32. Rd5 f6 33. Rxa5
Rxa5 34. Bxa5 b3 35. Rc1 b2 36. Rb1 Rc8 0-1